000
00296nam a22001337a 4500
008
180205b xxu||||| |||| 00| 0 eng d
020
_a
9781428342064
041
_a
eng
080
_a
004
100
_a
28
101
_a
SHK
245
_a
Adobe photoshop CS2 basics
_c
Barksdale,
942
_2
udc
_c
BK
999
_c
41714
_d
41714